|
|
|
|
| LEADER |
01246nam a2200313 a 4500 |
| 001 |
2452279 |
| 008 |
091227s1990 ii a 001 0 eng d |
| 010 |
|
|
|a \\\89010691
|
| 020 |
|
|
|a 0803996217 (U.S.)
|
| 020 |
|
|
|a 817036163X (India)
|
| 040 |
|
|
|a DLC
|c DLC
|d DLC
|d BD-DhAAL
|
| 082 |
0 |
0 |
|a 305.42
|2 20
|
| 245 |
0 |
0 |
|a Structures and strategies :
|b women, work, and family in /
|c edited by Leela Dube, Rajni Palriwala.
|
| 260 |
|
|
|a New Delhi ;
|a Newbury Park, Calif. :
|b Sage Publications,
|c 1990.
|
| 300 |
|
|
|a 284 p. :
|b ill. ;
|c 23 cm.
|
| 490 |
0 |
|
|a Women and the household in Asia ;
|v vol. 3
|
| 504 |
|
|
|a Includes bibliographical references.
|
| 541 |
1 |
|
|e 00004321
|
| 500 |
|
|
|a Cover title: Structures & strategies.
|
| 650 |
|
0 |
|a Women
|x Employment
|z Asia.
|
| 650 |
|
0 |
|a Women in development
|z Asia.
|
| 650 |
|
0 |
|a Women
|z Asia
|x Social conditions.
|
| 650 |
|
0 |
|a Work and family
|z Asia.
|
| 700 |
1 |
|
|a Dube, Leela.
|
| 700 |
1 |
|
|a Palriwala, Rajni,
|d 1955-
|
| 852 |
4 |
|
|a Ayesha Abed Library
|j General shelf
|
| 942 |
0 |
0 |
|0 1
|
| 999 |
|
|
|c 6455
|d 6455
|
| 952 |
|
|
|0 0
|1 0
|2 ddc
|4 0
|6 305_420000000000000_STR_1990
|7 0
|9 6536
|a BRACUL
|b BRACUL
|c GEN
|d 2009-12-27
|g 0.00
|l 4
|o 305.42 STR
|p 3010004321
|r 2017-11-28
|s 2017-11-21
|t 1
|w 2009-12-27
|y BK
|x No price found in the accession register.
|